|
|
|
|
| LEADER |
00000nam a2200000 a 4500 |
| 001 |
vtls011749903 |
| 003 |
SK-MaSNL |
| 005 |
20260426000445.0 |
| 008 |
250313s1939 pl 000 0 pol |
| 015 |
|
|
|a SNBA1939
|
| 035 |
|
|
|a urn:nbn:sk:snk-am00dhmq
|
| 035 |
|
|
|a urn:nbn:sk:snk-am3i2kg
|
| 035 |
|
|
|a 54B2C371-7E90-4A45-AFDA-D0D1C18E9605
|
| 040 |
|
|
|a SNK
|b slo
|c SNK
|e AACR2
|
| 041 |
0 |
|
|a pol
|
| 044 |
|
|
|a pl
|c PL
|
| 072 |
|
7 |
|a 323
|x Vnútropolitický vývoj, politický život
|2 konspekt
|
| 080 |
|
|
|a 323
|2 2011
|
| 080 |
|
|
|a 314.113:323.1
|2 2011
|
| 080 |
|
|
|a (437.6)
|2 2011
|
| 080 |
|
|
|a (048.8)
|2 2011
|
| 080 |
|
|
|a (437)
|2 2011
|
| 100 |
1 |
|
|a Wasiutyński, Wojciech,
|d 1910-1994
|4 aut
|9 177979
|
| 245 |
1 |
0 |
|a Między III Rzeszą a III Rusią
|c Wojciech Wasiutyński
|
| 260 |
|
|
|a Warszawa
|b Rój
|c 1939
|
| 300 |
|
|
|a 194 s.
|c 19 cm
|
| 648 |
|
7 |
|a 20. stor., 30. roky
|2 SNKPH
|9 558238
|
| 650 |
0 |
7 |
|a vnútorná politika
|2 SNKPH
|9 970
|
| 650 |
0 |
7 |
|a národnostná politika
|2 SNKPH
|9 4656
|
| 651 |
|
7 |
|a Československo
|2 SNKPHgeo
|9 21376
|
| 651 |
|
7 |
|a Česko
|2 SNKPHgeo
|9 16753
|
| 651 |
|
7 |
|a Slovensko
|2 SNKPHgeo
|9 14231
|
| 655 |
|
7 |
|a monografie
|2 SNKPH
|9 70139
|
| 852 |
|
|
|a Slovenská národná knižnica
|
| 958 |
|
|
|a LX
|
| 958 |
|
|
|a OND
|
| 999 |
|
|
|c 856283
|d 858213
|
| 952 |
|
|
|a SNK
|b SNK
|y PREZ
|7 0
|p 17A0895366
|o snkSD 4351
|i snk422/39
|0 0
|1 0
|4 0
|d 2018-04-09
|f 1
|l 0
|r 2025-11-10 00:00:00
|w 2026-02-24
|